Characters from annie Quiz Stats

 Plays Quiz not verified by Sporcle

Challenge
Share
Tweet
Embed
Score 0/13 Timer 06:00
0 Plays Today
hint character % Correct
main character, curly red hairannie
93.7%
youngest orphanmolly
78.1%
mean orphanage caregiver (last name)hannigan
74.6%
meanest orphanpepper
73.6%
caregivers brotherrooster
73.6%
rich mans secretarygrace
72.2%
brothers girlfriend (first name)lily
66.1%
president (last name)roosevelt
65.1%
rich man, adopts main characterdaddy warbucks
56.8%
laundry boybundles
46.7%
boylan sisterbonnie
27.2%
boylan sisterconnie
26.4%
boylan sisterronnie
24.5%

You're not logged in!

Compare scores with friends on all Sporcle quizzes.
OR
Log In

You Might Also Like...

Show Comments

Extras

Created Feb 6, 2010ReportNominate
Tags:annie, character

Top Quizzes Today


Score Distribution

Your Account Isn't Verified!

In order to create a playlist on Sporcle, you need to verify the email address you used during registration. Go to your Sporcle Settings to finish the process.

Report this User

Report this user for behavior that violates our Community Guidelines.

Details: